000 00682nam a22002057a 4500
005 20150320114512.0
008 131203t spu||||| |||| 00| 0 spa d
020 _a8475580614
050 4 _aB2799
_bE86 1988
100 _aGuisan, Esperanza,
245 _aEsplendor y miseria de la etica Kantiana
_c Aranguren. Jose Luis L....[et al].
250 _a1a ed.
260 _aBarcelona :
_bAnthropos,
_c1988
300 _a229 p. ;
_c20 cm.
490 _aPensamiento Critico/Pensamiento Utopico ;
_vno. 31
504 _ainlcuye índice
650 4 _aFilosofía
_xEtica -- Discursos, ensayos, conferencias
700 _a Aranguren. Jose Luis L....[et al].
942 _2ddc
_cLIB
999 _c46329
_d46329